MARC details
| 000 -LEADER |
| fixed length control field |
05004nam a2200409 a 4500 |
| 001 - CONTROL NUMBER |
| control field |
47715 |
| 003 - CONTROL NUMBER IDENTIFIER |
| rucl marc code |
BD-RjUL |
| 005 - DATE AND TIME OF LATEST TRANSACTION |
| control field |
20211209054357.0 |
| 008 - FIXED-LENGTH DATA ELEMENTS--GENERAL INFORMATION |
| fixed length control field |
161221s2008 bg ||||| |||| 00| 0 ben d |
| 020 ## - INTERNATIONAL STANDARD BOOK NUMBER |
| International Standard Book Number |
9843000008529 (V-1, Pt-1) |
| Terms of availability |
: Tk. 1350.00 (V-1, Pt.1-2) |
|
| International Standard Book Number |
9843000008529 (V-1, Pt-2) |
| Terms of availability |
: Tk. 1350.00 (V-1, Pt.1-2) |
|
| International Standard Book Number |
9843000008529 (V-2) |
| Terms of availability |
: Tk. 1000.00 (V-2) |
|
| International Standard Book Number |
9843000008529 (V-3) |
| Terms of availability |
: Tk. 500.00 (V-3) |
|
| International Standard Book Number |
9843000008529 (V-4) |
| Terms of availability |
: Tk. 500.00 (V-4) |
|
| International Standard Book Number |
9843000008529 (V-5) |
| Terms of availability |
: Tk. 375.00 (V-5) |
|
| International Standard Book Number |
9843000008529 (V-6) |
| Terms of availability |
: Tk. 500.00 (V-6) |
|
| International Standard Book Number |
9843000008529 (V-7) |
| Terms of availability |
: Tk. 350.00 (V-7) |
| 035 ## - SYSTEM CONTROL NUMBER |
| System control number |
(BD-RjUL)47834 |
| 040 ## - CATALOGING SOURCE |
| Original cataloging agency |
BD-RjUL |
| Language of cataloging |
ben |
| Transcribing agency |
BD-RjUL |
| 041 ## - LANGUAGE CODE |
| Language code of text/sound track or separate title |
ben |
| 082 ## - DEWEY DECIMAL CLASSIFICATION NUMBER |
| Edition number |
23 |
| Classification number |
355.475492 |
| Author mark and year |
BAB 2008 |
| 110 ## - MAIN ENTRY--CORPORATE NAME |
| Corporate name or jurisdiction name as entry element |
বাৎলাদেশ সেনাবাহিনী |
| Subordinate unit |
সেনাসদর, শিক্ষা পরিদপ্তর |
| 9 (RLIN) |
182806 |
| 245 10 - TITLE STATEMENT |
| Title |
বাংলাদেশের মুক্তিযুদ্ধ / |
| Statement of responsibility, etc. |
বাৎলাদেশ সেনাবাহিনী । সেনাসদর, শিক্ষা পরিদপ্তর ; সম্পাদনায় : এরিয়া সদর দপ্তর চট্রগ্রাম ; এরিয়া সদর দপ্তর কুমিল্লা ; এরিয়া সদর দপ্তর সাভার (৬ স্বতন্ত্র এডিএ ব্রিগেড, ১৪ স্বতন্ত্র ইঞ্জিনিয়ার ব্রিগেড, ৪৬ স্বতন্ত্র পদাতিক ব্রিগেড) ; এরিয়া সদর দপ্তর ঘাটাইল ; এরিয়া সদর দপ্তর রংপুর ; এরিয়া সদর দপ্তর বগুড়া ; এরিয়া সদর দপ্তর যশোর |
| 260 ## - PUBLICATION, DISTRIBUTION, ETC. (IMPRINT) |
| Place of publication, distribution, etc. |
ঢাকা : |
| Name of publisher, distributor, etc. |
এশিয়া পাবলিকেশনস, |
| Date of publication, distribution, etc. |
২০০৮ |
| 300 ## - PHYSICAL DESCRIPTION |
| Pagination |
৭ খণ্ড : |
| Illustrations |
চিত্র ; |
| Size |
২২ সেমি. |
| 505 0# - FORMATTED CONTENTS NOTE |
| Formatted contents note |
খণ্ড ১, পর্ব ১ [চট্রগ্রাম, খাগড়াছড়ি, রাঙ্গামাটি, বান্দরবান ও কক্সবাজার] -- খণ্ড ১ পর্ব ২ [চট্রগ্রাম, খাগড়াছড়ি, রাঙ্গামাটি, বান্দরবান ও কক্সবাজার] -- খণ্ড ২ [সিলেট, সুনামগঞ্জ, মৌলভীবাজার, হবিগঞ্জ, কুমিল্লা, ব্রাক্ষ্মণবাড়িয়া,চাঁদপুর, ফেনী, নোয়াখালি এবং লক্ষীপুর] -- খণ্ড ৩ [ঢাকা, মানিকগঞ্জ, গাজীপুর, নারায়ণগঞ্জ, মুন্সিগঞ্জ, নরসংদী] --খণ্ড ৪ [ময়মনসিংহ, টাঙ্গাইল, জামালপুর, শেরপুর. নেত্রকোনা ও কিশোরগঞ্জ -- খণ্ড ৫ [রংপুর, কুড়িগ্রাম, গাইবান্ধা, নীলফামারী, ঠাকুরগাঁও, পঞ্চগড়, লালমনিরহাট ও দিনাজপুর] -- খণ্ড ৬ [রাজশাহী, চাঁপাইনবাবগঞ্জ, নাটোর, নওগাঁ, জয়পুরহাট, সিরাজগঞ্জ, বগুড়া ও পাবনা] -- খণ্ড ৭ [বৃহত্তর যশোর, কুষ্টিয়া, কুলনা, ফরিদপুর ও বরিশাল জেলা] |
| 650 ## - SUBJECT ADDED ENTRY--TOPICAL TERM |
| Topical term or geographic name as entry element |
মুক্তিযুদ্ধ |
| Geographic subdivision |
বাংলাদেশ |
| General subdivision |
ইতিহাস |
| 9 (RLIN) |
176068 |
|
| Topical term or geographic name as entry element |
Liberation War |
| Geographic subdivision |
Bangladesh |
| General subdivision |
History |
| 9 (RLIN) |
176069 |
| 710 ## - ADDED ENTRY--CORPORATE NAME |
| Corporate name or jurisdiction name as entry element |
এরিয়া সদর দপ্তর চট্রগ্রাম, সম্পাদক |
| 9 (RLIN) |
176071 |
|
| Corporate name or jurisdiction name as entry element |
এরিয়া সদর দপ্তর কুমিল্লা, সম্পাদক |
| 9 (RLIN) |
176072 |
|
| Corporate name or jurisdiction name as entry element |
এরিয়া সদর দপ্তর সাভার (৬ স্বতন্ত্র এডিএ ব্রিগেড, ১৪ স্বতন্ত্র ইঞ্জিনিয়ার ব্রিগেড, ৪৬ স্বতন্ত্র পদাতিক ব্রিগেড), সম্পাদক |
| 9 (RLIN) |
176073 |
|
| Corporate name or jurisdiction name as entry element |
এরিয়া সদর দপ্এরিয়া সদর দপ্তর ঘাটাইল, সম্পাদক |
| 9 (RLIN) |
176074 |
|
| Corporate name or jurisdiction name as entry element |
এরিয়া সদর দপ্তর রংপুর, সম্পাদক |
| 9 (RLIN) |
176075 |
|
| Corporate name or jurisdiction name as entry element |
এরিয়া সদর দপ্তর বগুড়া, সম্পাদক |
| 9 (RLIN) |
176076 |
|
| Corporate name or jurisdiction name as entry element |
এরিয়া সদর দপ্তর যশোর, সম্পাদক |
| 9 (RLIN) |
176077 |
| 942 ## - ADDED ENTRY ELEMENTS (KOHA) |
| Source of classification or shelving scheme |
Dewey Decimal Classification |
| Koha item type |
Rare Books |